| 000 | 00450nam a22001457a 4500 | ||
|---|---|---|---|
| 020 | _a9788120321892 | ||
| 040 | _cNUST | ||
| 082 | _a620.1 RAO | ||
| 100 |
_aRao Lakshmana C.. Lakshminarasimhan J. _9122728 |
||
| 110 |
_aRaju Sethuraman, M. Sivakumar Srinivasan _9122729 |
||
| 245 | _aEngineering Mechanics Statics and Dynamics | ||
| 260 |
_aNew Delhi: _bPrentice Hall of India, _c2003. |
||
| 650 |
_aEngineering Mechanics _959741 |
||
| 942 |
_2ddc _cBK |
||
| 999 |
_c609174 _d609174 |
||